| 000 | 00949nam a2200277 a 4500 | ||
|---|---|---|---|
| 999 |
_c7465 _d7465 |
||
| 001 | 991028572009706706 | ||
| 003 | OSt | ||
| 005 | 20211130140602.0 | ||
| 008 | 940427s1993 spco 000 0 cat|c | ||
| 020 | _a8478095470 | ||
| 035 | _a(ES-BaCBU)b66836281-34csuc_network | ||
| 035 | _a(ES-BaCBU).b66836281 | ||
| 035 | _a(ccuc001)b66836281 | ||
| 040 |
_aES-BaCBU _bcat _cES-BaCBU _dCDMR |
||
| 043 |
_ae-sp--- _be-spc-- _2catmarc |
||
| 110 | 2 |
_aTelevisió de Catalunya _9446 |
|
| 245 | 1 | 0 |
_aDeu anys de TV3 / _cdirecció: Teresa Guitart i Enric Bajuelo. |
| 260 |
_aSant Joan Despí : _bCorporació Catalana de Ràdio i Televisió : _bColumna, _c1993. |
||
| 300 |
_a238 p. : _bfot. ; _c29 x 28 cm. |
||
| 610 | 2 | 7 |
_aTelevisió de Catalunya _xAniversaris, etc. _2lemac |
| 700 | 1 | _aGuitart, Teresa, | |
| 700 | 1 | _aBajuelo, Enric, | |
| 907 |
_a.b66836281 _b25-06-21 _c04-05-16 _d04-05-16 _em _fa _g- _hcat _ispc _j0 _k1 |
||
| 908 | _aGCDGPL | ||
| 942 |
_2udc _cMON |
||